Civil mozgalom az értő tanulásért

Elmentve itt :
Bibliográfiai részletek
Szerző: Varga Kornél
Dokumentumtípus: Cikk
Megjelent: 2006
Sorozat:Iskolakultúra 16 No. 4
Online Access:http://misc.bibl.u-szeged.hu/41285
LEADER 00561nab a2200169 i 4500
001 misc41285
005 20191106140714.0
008 180709s2006 hu o 0|| zxx d
022 |a 1215-5233 
040 |a SZTE Miscellanea Repozitórium  |b hun 
041 |a zxx 
100 1 |a Varga Kornél 
245 1 0 |a Civil mozgalom az értő tanulásért  |h [elektronikus dokumentum] /  |c  Varga Kornél 
260 |c 2006 
300 |a 145-146 
490 0 |a Iskolakultúra  |v 16 No. 4 
856 4 0 |u http://misc.bibl.u-szeged.hu/41285/1/EPA00011_iskolakultura_2006_04_145-146.pdf  |z Dokumentum-elérés